000 01670nam a2200397 a 4500
001 ebr10554326
003 CaPaEBR
006 m u
007 cr cn|||||||||
008 120301s2012 enkab sb 001 0deng d
010 _z 2011275928
020 _z9781848854819 (hbk.)
020 _z1848854811 (hbk.)
020 _z9780857720788 (e-book)
040 _aCaPaEBR
_cCaPaEBR
035 _a(OCoLC)794491085
043 _aaw-----
_aa-is---
050 1 4 _aRA564.9.R43
_bY58 2012eb
082 0 4 _a362.10820956
_223
100 1 _aYoung, Elise G.
245 1 0 _aGender and nation building in the Middle East
_h[electronic resource] :
_bthe political economy of health from Mandate Palestine to refugee camps in Jordan /
_cElise G. Young.
260 _aLondon ;
_aNew York :
_bI.B. Tauris,
_c2012.
300 _axi, 189 p. :
_bill., maps.
490 1 _aLibrary of modern Middle East studies ;
_v114
504 _aIncludes bibliographical references (p. [168]-185) and index.
533 _aElectronic reproduction.
_bPalo Alto, Calif. :
_cebrary,
_d2013.
_nAvailable via World Wide Web.
_nAccess may be limited to ebrary affiliated libraries.
650 0 _aNation-building
_zMiddle East.
650 0 _aMedical care
_xPolitical aspects
_zMiddle East.
650 0 _aWomen, Palestinian Arab
_xMedical care.
650 0 _aMedical policy
_zMiddle East.
651 0 _aPalestine
_xHistory
_y1929-1948.
655 7 _aElectronic books.
_2local
710 2 _aebrary, Inc.
830 0 _aLibrary of modern Middle East studies ;
_v114.
856 4 0 _uhttp://site.ebrary.com/lib/rucke/Doc?id=10554326
_zAn electronic book accessible through the World Wide Web; click to view
999 _c91338
_d91338